000 00469 a2200133 4500
003 OSt
005 20260213155240.0
008 260213b |||||||| |||| 00| 0 eng d
100 _a पटवडकर दी.
_9216739
245 _aस्वातंत्र्यलढा चर्च आणि मिशनरी
260 _bभारतीय विचार साधना प्रकाशन
_c2022
_aपुणे
300 _a48pp.
942 _cBK
_2ddc
999 _c370210
_d370210